Ukraina-visa - Statistics

Yleistilastot
  • Tätä visaa on pelattu 675 kertaa
  • Keskiarvotulos 13 / 21
Vastaustilastot
Vihje Vastaus % Oikein
Pääkaupunki Kiova
100%
Suurin meri, jonka rannalla Ukraina sijaitsee Mustameri
90%
Valtio, jonka osa Ukraina oli vuoteen 1991 asti Neuvostoliitto
90%
Venäjän vuonna 2014 valtaama niemimaa Krim
88%
Ukrainan pienin naapurimaa Moldova
87%
Vuoden 1986 ydinvoimalaonnettomuuden tapahtumapaikka Tšernobyl
86%
Ukrainassa käytetyt aakkoset Kyrilliset
78%
Presidentti Volodymyr Zelenskyin entinen ammatti Koomikko
69%
Hallitseva kristillinen kirkko Ortodoksinen
69%
Väkirikkain kaupunki yllä olevan rannalla Odessa
67%
Ukrainalainen punajuurikeitto Borssi
60%
Suurempi etninen ryhmä, johon ukrainalaiset kuuluvat Slaavit
58%
Miljoonia kuoli tähän vuosina 1932 ja 1933 Holodomor (nälänhätä)
56%
Vuonna 1992 Ukraina luopui laajoista varastoistaan näitä Ydinaseet
54%
Toiseksi väkirikkain kaupunki Harkova
52%
Urheilulaji, jossa veljekset Volodymyr and Vitali Klytško olivat mestareita Nyrkkeily
50%
Pisin joki Ukrainassa Dnepr
46%
Lounais-Ukrainan läpi kulkeva vuoristo Karpaatit
36%
Vuonna 2004 tapahtuneet protestit, jotka olivat seurausta äänten peukaloinnista ja presidenttiehdokkaan myrkyttämisestä {Oranssi} vallankumous
31%
Venäjän rajoja ennen puolustanut etninen ratsastajaväestö Kasakat
30%
Vuonna 2014 venäläiset separatistit ampuivat alas tämän yhtiön lentokoneen {Malaysia} Airlines
30%
Ehtoja vastaavia visoja ei löytynyt
Tulosjakauma
Jokaisen tuloksen saaneiden osuus
Persentiili vastausten määrän mukaan
Tuloshistoriasi
Et ole pelannut tätä visaa